书目信息 |
| 题名: |
摄影洗印化学
|
|
| 作者: | 金驾东 著 | |
| 分册: | 上册 | |
| 出版信息: | 北京 中国电影出版社 1980 |
|
| 页数: | 314页 | |
| 开本: | 21cm | |
| 丛书名: | ||
| 单 册: | ||
| 中图分类: | TB812 | |
| 科图分类: | ||
| 主题词: | 照相化学-洗印 , 洗印-照相化学 | |
| 电子资源: | ||
| ISBN: | ||
| 000 | 00618nam0 2200229 45 | |
| 001 | 0180009997 | |
| 005 | 20060426105255.09 | |
| 010 | @dCNY1.60 | |
| 091 | @aCN@b15061.142 | |
| 100 | @a19950620d1980 emky0chiy0121 ea | |
| 101 | 0 | @achi |
| 102 | @aCN@b110000 | |
| 105 | @ay z 000yy | |
| 200 | 10 | @a摄影洗印化学@Ashe ying xi yin hua xue@h上册@f金驾东著@Fjin jia dong zhu |
| 210 | @a北京@c中国电影出版社@d1980 | |
| 215 | @a314页@d21cm | |
| 606 | @a照相化学-洗印 | |
| 606 | @a洗印-照相化学 | |
| 690 | @aTB812@v3 | |
| 701 | 0 | @a金驾东@Ajin jia dong@4著 |
| 801 | 0 | @aCN@bTSSF@c20060426 |
| 905 | @a10447@dTB812@e17:1 | |
| 摄影洗印化学.上册/金驾东著.-北京:中国电影出版社,1980 |
| 314页;21cm |
| ISBN :CNY1.60 |
| ● |
| 相关链接 |
|
|
|
|
正题名:摄影洗印化学
索取号:TB812/17:1
 
预约/预借
| 序号 | 登录号 | 条形码 | 馆藏地/架位号 | 状态 | 备注 |
| 1 | 0032737 | 202290387 | 密集书库/ [索取号:TB812/17:1] | 在馆 | |
| 2 | 0032738 | 202290396 | 密集书库/ [索取号:TB812/17:1] | 在馆 |